000 00927nam0a22002411 4500
001 rc\674269
005 20031121165744.9
035 _a(NLR Aleph) 005912315
090 _a6389641
_c6389641
100 _a20031121d1986 u |0rusy50 ca
101 0 _arus
102 _aRU
105 _ay |||||||||
200 1 _aЗакономерности пространственного распределения паразитических червей
_fОтв. ред. В.Л. Контримавичус
_gАН СССР, Сиб. отд-ние, Биол. ин-т
210 _aНовосибирск
_cНаука. Сиб. отд-ние
_d1986
215 _a255, [1] с.
_d22
320 _aБиблиогр.: с. 249-255 (157 назв.)
700 1 _aФедоров
_bК. П.
_f1929-
_gКонстантин Петрович
801 0 _aRU
_bNLR
_gpsbo
801 1 _aRU
_bELAR
_2rusmarc
852 _aNLR
_j86-5/2626
942 _cBOOK
980 _aNB